000
00429nam a2200145Ia 4500
008
100122s9999 xx 000 0 und d
082
_b
56137
_a
821
100
_a
सप्रे मधुवंती
245
_a
ऋतुमंजिरी
260
_b
संवेदना प्रकाशन
_c
1999
300
_a
60
630
_a
ऋतुमंजिरी
730
_a
ऋतुमंजिरी
942
_c
BOOK
999
_c
432631
_d
432628